000 00330cam a22001097a 4500
008 180718b1934 xxu||||| |||| 00| 0 eng d
082 _aT394x54 In2tc/32/2
245 _aCotton textile industry
_cby Indian Tariff Board, India
260 _aDelhi
_bManager Of Publication
_c1934
300 _a5v.
700 _aIndia. Indian Tariff Board
999 _c423691
_d423691